| 000 | 00363nam a22001337a 4500 | ||
|---|---|---|---|
| 020 | _a9789698985172 | ||
| 082 |
_a658.4 _bJEN |
||
| 100 | _aJena, Biswa Mohana | ||
| 245 |
_aManagement Principles and Application / _cBiswa Mohana Jena |
||
| 260 |
_aLahore : _bMulti Line Books, _c2022. |
||
| 300 |
_a219 p. ; _c26 cm. |
||
| 563 | _aHBK. | ||
| 942 |
_2ddc _cBK |
||
| 999 |
_c594221 _d594221 |
||